UM Logo
Normal view MARC view
  • Laurel, Salvador H. (Salvador Hidalgo), 1928-2004.

Entry Topical Term

Number of records used in: 1

001 - CONTROL NUMBER

  • control field: 42457

003 - CONTROL NUMBER IDENTIFIER

  • control field: OSt

005 - DATE AND TIME OF LATEST TRANSACTION

  • control field: 20201022104908.0

008 - FIXED-LENGTH DATA ELEMENTS

  • fixed length control field: 201022|| aca||aabn | a|a d

040 ## - CATALOGING SOURCE

  • Original cataloging agency: OSt
  • Transcribing agency: OSt

150 ## - HEADING--TOPICAL TERM

  • Topical term or geographic name entry element: Laurel, Salvador H. (Salvador Hidalgo), 1928-2004.

670 ## - SOURCE DATA FOUND

  • Source citation: Work cat.: (OSt): Doy Laurel in profile:, ©1985.